| 000 | 00000nam##2200000za#4500 |
| 001 | 9.570265 |
| 003 | CaOODSP |
| 005 | 20251105142359 |
| 007 | cr ||||||||||| |
| 008 | 150406|1996||||xxc|||||o f|0| 0 eng|d |
| 040 | |aCaOODSP|beng |
| 043 | |an-cn--- |
| 086 | 1 |aNM95-57/11-1-1996E-PDF |
| 110 | 1 |aCanada.|bCanadian Heritage. |bCanadian Conservation Institute. |
| 245 | 10|aMaking protective enclosures for books and paper artifacts |h[electronic resource] |
| 260 | |aOttawa - Ontario : |bCanadian Heritage. |cc1996. |
| 300 | |a4p.|bfigs., references |
| 490 | 1 |aCCI Notes |v11/1 |
| 500 | |aIncorrect catalogue number (NM95-57/11-1-1988E) and ISSN (0714-6221) copied in this electronic publication. |
| 590 | |a11-21-Supp|b2011-09-30 |
| 775 | 08|tContenants de protection pour les livres et les oeuvres sur papier |w(CaOODSP)9.601011 |
| 794 | |tMaking enclosures for books and paper objects.|w(CaOODSP)9.957122 |
| 830 | #0|aCCI notes ;|v11/1|w(CaOODSP)9.506353 |
| 856 | 40|ahttp://publications.gc.ca|qPDF|s874 KB|uhttps://publications.gc.ca/collections/collection_2011/pc-ch/NM95-57-11-1-1996-eng.pdf|y11/1 |